Leçons sur les fonctions entières /
Guardado en:
| Autor Principal: | |
|---|---|
| Formato: | Libro |
| Idioma: | French |
| Publicado: |
Paris :
Gauthier-Villars,
1921.
|
| Edición: | 2e éd. rev. et augm. / |
| Series: | Collection de monographies sur la théorie des fonctions
|
| Etiquetas: |
Agregar Etiqueta
Sin Etiquetas, Sea el primero en etiquetar este registro!
|
| LEADER | 00559nam a22001575a 4500 | ||
|---|---|---|---|
| 001 | MAT.inmabb000628 | ||
| 008 | 031118s1921####fr############001#0#fre#d | ||
| 005 | 20130409120716.0 | ||
| 245 | 1 | 0 | |a Leçons sur les fonctions entières / |c par Émile Borel. |
| 250 | |a 2e éd. rev. et augm. / |b d'une note de G. Valiron. | ||
| 260 | |a Paris : |b Gauthier-Villars, |c 1921. | ||
| 300 | |a viii, 162 p. ; |c cm. | ||
| 440 | 0 | |a Collection de monographies sur la théorie des fonctions | |
| 100 | 1 | |a Borel, Émile, |d 1871-1956. | |
| 084 | |a 30Dxx |2 msc2000 | ||
| 859 | |h 30 |i B731 |p A-429 |b BIB. MATEMATICA | ||
